| 000 | 00430nam a22001697a 4500 | ||
|---|---|---|---|
| 005 | 20251108172349.0 | ||
| 008 | 250721s1979 xx 000 0 ara d | ||
| 082 | 1 | 4 | _a301.412/جور |
| 100 | 1 | _aحنا، جورج | |
| 245 | 1 | 0 | _aالمرأة جسد و روح / |
| 250 | _aط6 | ||
| 264 | 1 |
_aبيروت : _bدار الثقافة، _c1979. |
|
| 300 | _a158ص | ||
| 650 | 1 | 7 | _aالمرأة |
| 942 |
_2ddc _cBK |
||
| 999 |
_c77298 _d77298 |
||